00240nam a2200097Ia 4500008004100000082001500041100001600056245003500072260002000107600001500127241002s9999 xx 000 0 und d a808.81 MIN aMinn, Hochi 4aThe Prison Diary of Hochi Minh aNew York:c1971 aLiterature